[Event "GRE-ch Schools Lykeia"]
[Site "Athen"]
[Date "2022.06.12"]
[Round "5"]
[White "Mavridis, Athanasios Theof"]
[Black "Bouras, Antonios"]
[Result "1-0"]
[WhiteElo "1554"]
[BlackElo "1463"]
[PlyCount "53"]
[EventDate "2022.06.12"]
[EventType "swiss"]
[EventRounds "9"]
[EventCountry "GRE"]
[SourceTitle "EXT 2023"]
[Source "ChessBase"]
[SourceDate "2022.10.05"]
[SourceVersion "1"]
[SourceVersionDate "2022.10.05"]
[SourceQuality "1"]

1. Nf3 Nf6 2. c4 e6 3. g3 d5 4. Bg2 Be7 5. 0-0 0-0 6. d4 b6 7. cxd5 exd5 8. Nc3 Bb7 9. Ne5 Nbd7 10. Qa4 Nxe5 11. dxe5 Ne8 12. Rd1 c6 13. e4 dxe4 14. Rxd8 Rxd8 15. Be3 Nc7 16. Bxe4 Ne6 17. Bxc6 Bxc6 18. Qxc6 Bc5 19. Bxc5 Nxc5 20. Rd1 Rxd1+ 21. Nxd1 Rd8 22. Nc3 h6 23. Qc7 Rd2 24. Qxa7 Rxb2 25. Nd5 Nd3 26. Qb8+ Kh7 27. Ne7 1-0

[Event "GRE-ch U18"]
[Site "Chania"]
[Date "2021.07.16"]
[Round "2"]
[White "Stefanou, Konstantinos"]
[Black "Mavridis, Athanasios Theof"]
[Result "1-0"]
[WhiteElo "1930"]
[BlackElo "1458"]
[PlyCount "97"]
[EventDate "2021.07.15"]
[EventType "swiss"]
[EventRounds "9"]
[EventCountry "GRE"]
[SourceTitle "EXT 2022"]
[Source "ChessBase"]
[SourceDate "2021.10.06"]
[SourceVersion "1"]
[SourceVersionDate "2021.10.06"]
[SourceQuality "1"]

1. d4 Nf6 2. c4 e6 3. Nc3 Bb4 4. e3 0-0 5. Bd2 d5 6. Nf3 b6 7. cxd5 exd5 8. Rc1 Bb7 9. Bd3 Bd6 10. 0-0 c5 11. Ne5 Nc6 12. Nxc6 Bxc6 13. Nb5 c4 14. Nxd6 Qxd6 15. Bb1 b5 16. f3 a5 17. Qe1 b4 18. g4 Rfb8 19. Qh4 g6 20. f4 Ne4 21. Bxe4 dxe4 22. f5 Bd5 23. Be1 Qd8 24. Qh3 Rb6 25. Bg3 g5 26. Qh5 f6 27. h4 Qe8 28. Qh6 gxh4 29. Bxh4 Qf8 30. Qf4 Qd6 31. Qf2 Kf7 32. Bg3 Qe7 33. Qh2 Rg8 34. Qh5+ Kf8 35. Bf4 Qf7 36. Qh3 h5 37. g5 fxg5 38. Be5 a4 39. f6 Be6 40. Qh2 Ke8 41. d5 Bxd5 42. Bd4 Rb7 43. Rf5 Be6 44. Rc5 h4 45. Qe5 Qd7 46. R1xc4 Kf7 47. Rc1 Qe8 48. Qxe4 Rg6 49. Qxb7+ 1-0

[Event "GRE-ch North U08/14"]
[Site "Thessaloniki"]
[Date "2020.08.27"]
[Round "3"]
[White "Mavridis, Athanasios Theof"]
[Black "Tsakona, Maria"]
[Result "1/2-1/2"]
[WhiteElo "1583"]
[BlackElo "1660"]
[PlyCount "124"]
[EventDate "2020.08.26"]
[EventType "swiss"]
[EventRounds "9"]
[EventCountry "GRE"]
[SourceTitle "EXT 2023"]
[Source "ChessBase"]
[SourceDate "2022.10.05"]
[SourceVersion "1"]
[SourceVersionDate "2022.10.05"]
[SourceQuality "1"]

1. d4 Nf6 2. c4 e6 3. Nf3 Bb4+ 4. Bd2 a5 5. g3 0-0 6. Bg2 d6 7. 0-0 Nc6 8. Be3 d5 9. c5 a4 10. a3 Ba5 11. Qxa4 Bd7 12. Qc2 Qe7 13. Bh3 b6 14. Bd2 Rfb8 15. Bxa5 Nxa5 16. b4 Nc4 17. Nfd2 bxc5 18. Nxc4 dxc4 19. Bg2 Nd5 20. dxc5 Nxb4 21. Qxc4 Ra5 22. Qd4 Nc2 23. Qd2 Qxc5 24. Ra2 Ba4 25. Rc1 Qg5 26. Qxg5 Rxg5 27. Nc3 Bb3 28. Rb2 Nxa3 29. Ne4 Rd5 30. Rc3 Rd1+ 31. Bf1 Rb1 32. Rxb1 Nxb1 33. Rxc7 Bd5 34. Nd6 f6 35. e4 Ba2 36. Rc2 Rd8 37. Nb5 Rd2 38. Rxd2 Nxd2 39. Nc3 Bb3 40. Bd3 Nf3+ 41. Kh1 g5 42. h3 Kg7 43. Be2 Ne5 44. Kg2 Bc2 45. f3 Kg6 46. Nb5 Nc6 47. Bc4 e5 48. Nc3 Nd4 49. Kf2 h5 50. Bf1 Bb3 51. Bd3 h4 52. g4 Ne6 53. Ne2 Bd1 54. Bc4 Nf4 55. Nxf4+ exf4 56. Be6 Kg7 57. Bd5 Kf8 58. Be6 Ke7 59. Bd5 Kd6 60. Ba8 Ke5 61. Bb7 Kd4 62. Bc6 Kd3 1/2-1/2

[Event "GRE-ch U14"]
[Site "Patras"]
[Date "2019.06.26"]
[Round "3.4"]
[White "Mavridis, Athanasios Theof"]
[Black "Stefanou, Dimitrios"]
[Result "0-1"]
[WhiteElo "1402"]
[BlackElo "1975"]
[PlyCount "54"]
[EventDate "2019.06.25"]
[EventType "swiss"]
[EventRounds "9"]
[EventCountry "GRE"]
[SourceTitle "EXT 2020"]
[Source "ChessBase"]
[SourceDate "2019.10.17"]
[SourceVersion "1"]
[SourceVersionDate "2019.10.17"]
[SourceQuality "1"]
[WhiteTeam "Greece"]
[BlackTeam "Greece"]
[WhiteTeamCountry "GRE"]
[BlackTeamCountry "GRE"]

1. d4 g6 2. Nf3 Bg7 3. e4 d6 4. Nc3 Nd7 5. Bd2 a6 6. Bd3 c5 7. dxc5 Nxc5 8. h3 Nf6 9. 0-0 0-0 10. a4 b6 11. Re1 Bb7 12. Qc1 Re8 13. Bh6 Bh8 14. Bg5 Rc8 15. Bxf6 Bxf6 16. Ra3 Bg7 17. Qd2 e6 18. Nd1 Qc7 19. b4 Nxd3 20. Rxd3 d5 21. exd5 Bxd5 22. Nd4 Qb7 23. Ne3 Be4 24. Rc3 Rcd8 25. Rc4 b5 26. axb5 axb5 27. Rc5 Bxd4 0-1

[Event "GRE-ch U12"]
[Site "Rio Achaia"]
[Date "2018.07.07"]
[Round "7"]
[White "Mavridis, Athanasios Theof"]
[Black "Kalogridis, Antonios"]
[Result "0-1"]
[WhiteElo "1304"]
[BlackElo "1716"]
[PlyCount "56"]
[EventDate "2018.07.03"]
[EventType "swiss"]
[EventRounds "9"]
[EventCountry "GRE"]
[SourceTitle "EXT 2019"]
[Source "ChessBase"]
[SourceDate "2018.10.10"]
[SourceVersion "1"]
[SourceVersionDate "2018.10.10"]
[SourceQuality "1"]

1. d4 d6 2. e4 Nf6 3. Nc3 c6 4. Nf3 Bg4 5. h3 Bh5 6. g4 Bg6 7. Qe2 e6 8. g5 Nfd7 9. h4 Bh5 10. Be3 d5 11. exd5 cxd5 12. Bd2 Nc6 13. Be3 e5 14. Nxd5 e4 15. Bg2 Qa5+ 16. Nc3 Qf5 17. Qb5 Qxb5 18. Nxb5 exf3 19. Nc7+ Kd8 20. Nxa8 fxg2 21. Rg1 Bf3 22. c3 Bd6 23. Rd1 Bh2 24. Rxg2 Bxg2 25. d5 Nce5 26. Bxa7 Re8 27. Be3 Nc4 28. Rd2 Nxd2 0-1

[Event "Heraklion Gazi op 13th"]
[Site "Heraklion"]
[Date "2017.07.28"]
[Round "1"]
[White "Mavridis, Athanasios Theof"]
[Black "Georgiadis, Konstantinos"]
[Result "0-1"]
[WhiteElo "1258"]
[BlackElo "2021"]
[PlyCount "108"]
[EventDate "2017.07.28"]
[EventType "swiss"]
[EventRounds "9"]
[EventCountry "GRE"]
[SourceTitle "CBM 179 Extra"]
[Source "ChessBase"]
[SourceDate "2017.08.23"]
[SourceVersion "1"]
[SourceVersionDate "2017.08.23"]
[SourceQuality "1"]

1. c4 e5 2. Nc3 Nf6 3. g3 Bc5 4. Bg2 d6 5. e3 Qe7 6. d3 Nbd7 7. Nge2 c6 8. 0-0 Bb6 9. Bd2 Nf8 10. b4 Ng6 11. b5 Bd7 12. a4 a5 13. Rb1 Rb8 14. d4 0-0 15. Rb3 Be6 16. d5 cxd5 17. cxd5 Bf5 18. e4 Bg4 19. h3 Bxe2 20. Qxe2 Nd7 21. Be3 Bd4 22. Qd2 Nc5 23. Ra3 Bxe3 24. Qxe3 Rfe8 25. b6 Qd8 26. Rb1 Ne7 27. Rb5 Nc8 28. Rxa5 Nxb6 29. Rxc5 dxc5 30. Qxc5 Rc8 31. Qb5 Nc4 32. Rb3 Nd6 33. Qb4 Qf6 34. Nb5 Rc1+ 35. Bf1 Nc8 36. Rd3 Rc2 37. Rd2 Rxd2 38. Qxd2 Rd8 39. f4 h6 40. Qb2 Qb6+ 41. Kh2 exf4 42. gxf4 Qe3 43. Qe5 Nb6 44. Bg2 Rc8 45. Nd6 Rc7 46. Nf5 Qc3 47. Qxc3 Rxc3 48. a5 Nd7 49. d6 Ra3 50. e5 Nc5 51. Be4 Rxa5 52. Ne7+ Kf8 53. Nc8 Ra2+ 54. Bg2 Rd2 0-1

[Event "GRE-ch U10"]
[Site "Porto Rio"]
[Date "2016.07.01"]
[Round "6"]
[White "Stoimenidis, Dimitrios"]
[Black "Mavridis, Athanasios Theof"]
[Result "1-0"]
[WhiteElo "1142"]
[BlackElo "1065"]
[PlyCount "33"]
[EventDate "2016.06.28"]
[EventType "swiss"]
[EventRounds "9"]
[EventCountry "GRE"]
[SourceTitle "CBM 173 Extra"]
[Source "ChessBase"]
[SourceDate "2016.08.29"]
[SourceVersion "1"]
[SourceVersionDate "2016.08.29"]
[SourceQuality "1"]

1. e4 c5 2. Nf3 d6 3. d4 cxd4 4. Qxd4 Nc6 5. Bb5 Bd7 6. Bxc6 Bxc6 7. Nc3 Nf6 8. Bg5 Nd7 9. Be3 e5 10. Qd3 Be7 11. Nd2 0-0 12. f3 Nc5 13. Bxc5 dxc5 14. Qe2 Rb8 15. 0-0-0 b5 16. Nb3 c4 17. Rxd8 1-0

[Event "GRE-ch U10"]
[Site "Porto Rio"]
[Date "2016.06.29"]
[Round "3"]
[White "Mavridis, Athanasios Theof"]
[Black "Gkaripis, Marios Ilias"]
[Result "0-1"]
[WhiteElo "1065"]
[BlackElo "1158"]
[PlyCount "108"]
[EventDate "2016.06.28"]
[EventType "swiss"]
[EventRounds "9"]
[EventCountry "GRE"]
[SourceTitle "CBM 173 Extra"]
[Source "ChessBase"]
[SourceDate "2016.08.29"]
[SourceVersion "1"]
[SourceVersionDate "2016.08.29"]
[SourceQuality "1"]

1. e4 e5 2. Nf3 Nc6 3. Bb5 a6 4. Ba4 Nf6 5. 0-0 d6 6. d4 exd4 7. Nxd4 Bd7 8. Bg5 h6 9. Bxf6 Qxf6 10. Nxc6 Qxb2 11. Nd2 bxc6 12. Nc4 Qb4 13. Bb3 Be6 14. Nd2 Bxb3 15. cxb3 Be7 16. Rc1 Qb7 17. Qf3 0-0 18. Nc4 c5 19. Rfd1 Rad8 20. Rc2 Bg5 21. Qg4 Rfe8 22. f3 Qc8 23. Qg3 Bf6 24. Rdc1 Qe6 25. Kh1 Be5 26. Qf2 Bd4 27. Qe2 d5 28. Nd2 f5 29. b4 c4 30. Nf1 fxe4 31. Rd2 Bb6 32. Ng3 exf3 33. Qxf3 Qe3 34. Rcd1 Qxf3 35. gxf3 d4 36. Nf5 c3 37. Rd3 Re6 38. Ng3 Rde8 39. Ne4 Rf8 40. Kg2 Rc6 41. a3 Rc4 42. Kg3 c2 43. Rc1 Rd8 44. Kf4 Rd5 45. Nd2 Rc6 46. Ke4 Rdd6 47. Nb3 Re6+ 48. Kd5 Red6+ 49. Ke5 Re6+ 50. Kd5 Red6+ 51. Ke5 Kf7 52. Nxd4 Rc4 53. Ke4 Bxd4 54. Rxd4 Rcxd4+ 0-1

[Event "GRE-ch U10"]
[Site "Porto Rio"]
[Date "2016.06.28"]
[Round "1"]
[White "Mavridis, Athanasios Theof"]
[Black "Spyratos, Nikolaos"]
[Result "0-1"]
[WhiteElo "1065"]
[BlackElo "1446"]
[PlyCount "112"]
[EventDate "2016.06.28"]
[EventType "swiss"]
[EventRounds "9"]
[EventCountry "GRE"]
[SourceTitle "CBM 173 Extra"]
[Source "ChessBase"]
[SourceDate "2016.08.29"]
[SourceVersion "1"]
[SourceVersionDate "2016.08.29"]
[SourceQuality "1"]

1. e4 c5 2. Nf3 d6 3. d4 cxd4 4. Nxd4 Nf6 5. Nc3 g6 6. Be3 Bg7 7. f3 0-0 8. Qd2 Nc6 9. Bc4 Bd7 10. 0-0-0 Rc8 11. Bb3 Ne5 12. h4 h5 13. Bg5 Nc4 14. Qe2 Nb6 15. Bxf6 Bxf6 16. g4 Rc5 17. Bd5 Nxd5 18. Nxd5 e6 19. Nxf6+ Qxf6 20. Nb3 Rb5 21. Rxd6 Bc6 22. g5 Qf4+ 23. Rd2 Rd8 24. Kb1 Rxd2 25. Nxd2 Rb6 26. Qd3 Bb5 27. Qd8+ Kg7 28. Qf6+ Qxf6 29. gxf6+ Kxf6 30. f4 e5 31. a4 Bxa4 32. fxe5+ Ke6 33. b3 Bb5 34. Nf3 a5 35. Rg1 a4 36. Nd4+ Kxe5 37. Nxb5 Rxb5 38. Rg5+ f5 39. exf5 gxf5 40. Ka2 axb3+ 41. cxb3 Rd5 42. Rxh5 Ke4 43. Rh7 b5 44. Rg7 f4 45. Rg4 Ke3 46. Rg5 Ke4 47. Rg4 b4 48. Kb2 Ke3 49. Kc2 f3 50. Rg3 Ke2 51. Rg8 Rc5+ 52. Kb2 Re5 53. h5 f2 54. Rf8 f1Q 55. Rxf1 Kxf1 56. h6 Rh5 0-1